000 00272 a2200121 4500
000 nam a22 7a 4500
020 _a9789392211911
100 _aRustagi,R.P
_995
245 _aTaxmanns financial management
250 _a6
260 _bTaxmann
_c2022
264 _bTaxmann
999 _c35981
_d35981